000 00690nab a2200181 4500
001 244442
003 OSt
005 20260115131013.0
007 tu
008 260115s2020|||||||
040 _aDE-2950
_cDE-2950
245 0 0 _aKältebus hilft durch eisige Nacht
_bLebensretter. Solange die Temperaturen unter null Grad liegen, ist in Frankfurt (Oder) der Kältebus des DRK unterwegs, um Obdachlosen zu helfen. Was die ehrenamtlich Engagierten bei ihren abendlichen Einsätzen erleben/
_cThomas Meiler
264 _c2025
653 _aFrankfurt (Oder)
653 _aKältebus
773 0 _g37. Jahrgang (2026) Nr. 8 vom 10.01.2026 , S. 19 mit Foto
_tMärkische Oderzeitung
942 _2z
_cA
999 _c374202
_d374202